Manejo de problemas y toma de decisiones

Saved in:
Bibliographic Details
Main Authors: Rodríguez Estrada, Mauro (Author), Marquez Alegría, Mateo (Author)
Format: Book
Language:Spanish
Published: Ciudad de México Manual Moderno 1988
Series:Serie Capacitación Integral, 8
Subjects:
Tags: Add Tag
No Tags, Be the first to tag this record!

MARC

LEADER 00000nam a2200000 a 4500
001 UCW4001
003 CL-VaPUC
008 890712e19880000MX |||||||||||||||||spa|d
082 0 4 |a 658.3124  |b ROD  |2 21 
100 0 |a Rodríguez Estrada, Mauro  |e author  |9 308486 
700 0 |a Marquez Alegría, Mateo  |e author  |9 308487 
245 1 0 |a Manejo de problemas y toma de decisiones 
300 |a 79 p 
942 |c BK 
945 |d 19890712 00:00:00 
260 |a Ciudad de México  |b Manual Moderno  |c 1988 
650 0 |a Conflictos laborales  |9 256688 
650 0 |a Toma de decisiones   |9 257530 
650 7 |a PERFECCIONAMIENTO OCUPACIONAL  |2 CL-VaPUC  |9 308488 
650 0 |a Administración del personal  |9 260442 
583 |a last modification  |c 19890712 00:00:00  |k Rodrigo Vera 
490 0 |a Serie Capacitación Integral, 8 
999 |c 217841  |d 217839 
952 |0 0  |1 0  |4 0  |6 658_312400000000000_ROD_1988  |7 0  |8 A  |9 206398  |a BIBEDU  |b BIBEDU  |d 2019-11-15  |i 274175K  |o 658.3124 ROD 1988  |p 274175K  |r 2019-11-15  |w 2019-11-15  |y BK  |k EDU